Responses for show #4821 - Monday, July 18, 2005

David Madden game 10.

Contestants

[<< previous game]

Laurie Parker, a writer and editor from Franklin, Tennessee

Brian Pearson, a Naval officer from Virginia Beach, Virginia

David Madden, a student originally from Ridgewood, New Jersey (whose 9-day cash winnings total $217,100)

[next game >>]

Jeopardy! Round responses

PRESIDENTIAL ELECTIONS
CELEBRITY CEREAL
AMERICAN WORLD CAPTIALS
LONG A-GO
DON'T BUG ME
COOL "AID"
    $200 9
(Richard) Nixon

David
    $200 30
E.T. (The Extra-Terrestrial)

Laurie
    $200 13
Seattle

Brian
    $200 18
coal

David
    $200 29
(David: What are wings?)

legs

DavidBrian
    $200 4
braid

Laurie
    $400 10
a log cabin

David
    $400 14
(Laurie: What is Batman 2?)
(David: What is Batman Returns?)
...
(Alex: That's right. That's why we had the word "eternal" in the clue.)

Batman Forever

DavidBrianLaurie
    $400 7
Las Vegas

David
    $400 21
(Ulysses S.) Grant

David
    $400 28
fly

Laurie
    $400 5
a bridesmaid

David
    $600 11
(Brian: Who is Steve Forbes?)

(Ross) Perot

DavidBrian
    $600 15
C-3PO

Triple Stumper
    $600 6
Roswell

Brian
    $600 22
Tin Lizzie

David
    $600 25
a bed bug

Laurie
    $600 3
Adelaide

Brian
    $1,000 8
(Abraham) Lincoln

David
    $800 16
Urkel(-Os)

Laurie
    $800 1
avocado

David
    $800 23
(Laurie: Who is Julius Caesar?)
(Brian: Who is Othello?)

the Merchant of Venice

BrianLaurie
Triple Stumper
    $800 26
spiders

David
    $800 19
prepaid

David
    $1000 12
1876

Triple Stumper
    $1000 17
Doctor Who

Laurie
    $1000 2
Lexington

Laurie
    $1000 24
a trireme

Brian
    $1000 27
a love bug

Laurie
    $1000 20
waylaid

Brian

Scores at the first commercial break (after clue 14):

David Brian Laurie
$3,400 $1,200 $800

Scores at the end of the Jeopardy! Round:

David Brian Laurie
$6,000 $2,600 $4,000

Double Jeopardy! Round responses

ANCIENT EGYPT
LADY'S NIGHT
"T"s ME
NOW THAT'S ITALIAN
HIRSCHFELD
BEFORE & AFTER
    $400 10
Tutankhamen

Brian
    $400 14
(Laurie: What is Tucson?)

Tempe

DavidLaurie
    $400 15
(Laurie: What is Mount Etna?)

Vesuvius

DavidLaurie
    $400 16
(David: What's The Birds?)

The Maltese Falcon

DavidBrian
    $400 29
[The end-of-round signal sounds.]

Tiny Tim Robbins

Brian
    $800 24
hieroglyphics

David
    $800 2
Donna Karan

Brian
    $800 23
the Tutsis

Laurie
    $800 21
(Laurie: What is Siena?)

Florence

DavidLaurie
    $800 17
(Alex: Correct, with Spencer Tracy.)

Guess Who's Coming to Dinner

Laurie
    $800 28
"Baby Face" Nelson Mandela

Brian
    $1200 11
people

Brian
    $1200 3
(Brian: Who is Maya Angelou?)
...
(Alex: The author was [*]. Maya was a good guess, though.)

Toni Morrison

Brian
Triple Stumper
    $1200 1
the Tower of London

Laurie
    $1200 7
Verdi

Laurie
    $1200 18
The Addams Family

Brian
    $1200 27
Perry Ellis Island

Brian
    $3,000 5
Osiris

David
    $1600 4
(Brian: What is the Philippines?)

Nicaragua

DavidBrian
    $1600 12
touch-hole

Triple Stumper
    $1,400 9
Virgil

David
    $1600 19
(Laurie: What is BUtterfield 8?)
...
(Alex: That's Elizabeth Taylor as Maggie the Cat in [*].)

Cat on a Hot Tin Roof

Laurie
Triple Stumper
    $1600 26
Matthew Perry Mason

Triple Stumper
    $2000 6
Horus

David
    $2000 8
Helen Thomas

David
    $2000 13
Teutonic Knights

David
    $2000 22
Berlusconi

David
    $2000 20
(Alex: Charlie Chaplin's, yes.)

Modern Times

David
    $2000 25
Clara Barton Fink

Laurie

Scores at the end of the Double Jeopardy! Round:

David Brian Laurie
$24,000 $6,200 $6,800
(lock game)

[wagering suggestions for these scores]

Final Jeopardy! Round responses

ARCHITECTS
(Alex: The correct response is the man who designed the Crystal Cathedral here in Southern California and the Crystal House in Connecticut, [*].)
...
(Alex: Shades of Ken Jennings...)
BrianWho is Mies van der Rohe
$4,500
LaurieWho is Adams?
$6,700
DavidWho is Wright?
$2,000
Philip Johnson

Final scores:

David Brian Laurie
$22,000 $1,700 $100
10-day champion: $239,100 2nd place: $2,000 3rd place: $1,000

Game dynamics:

Coryat scores:

David Brian Laurie
$22,600 $6,200 $6,800
24 R
(including 3 DDs),
3 W
15 R,
4 W
13 R,
6 W

Combined Coryat: $35,600

The J! Archive is created by fans, for fans. The Jeopardy! game show and all elements thereof, including but not limited to copyright and trademark thereto, are the property of Jeopardy Productions, Inc. and are protected under law. This website is not affiliated with, sponsored by, or operated by Jeopardy Productions, Inc. Join the discussion at JBoard.tv.